[Event "4NCL 3 South pool B"]
[Site "Daventry, ENG"]
[Date "2019.02.09"]
[Round "5.84"]
[White "Kenning, Paul H"]
[Black "Faulks, Nick"]
[Result "0-1"]
[WhiteElo "1861"]
[BlackElo "1923"]
[PlyCount "90"]
[EventDate "2019.02.09"]
[WhiteTeam "Iceni 2"]
[BlackTeam "Surbiton"]

1. e4 c5 2. Nf3 e6 3. Nc3 a6 4. g3 b5 5. Bg2 Bb7 6. d3 d6 7. O-O Be7 8. Re1 Nd7
9. d4 cxd4 10. Nxd4 Qc8 11. Nb3 Qc7 12. Bf4 Ne5 13. Bxe5 dxe5 14. Qg4 h5 15.
Qe2 Rc8 16. a3 Nf6 17. Red1 Qb6 18. Rd3 $11 O-O 19. Qe3 Qxe3 20. Rxe3 Rfd8 21.
Re2 Bc6 22. Na5 Ba8 23. Nb3 Rc4 24. Rd1 Rxd1+ 25. Nxd1 Bxe4 26. Bxe4 Rxe4 27.
Rxe4 Nxe4 28. Kg2 f5 29. Na5 Kf7 30. Nc6 Bd6 31. Kf3 Ke8 32. b4 Nd2+ 33. Ke2
Nc4 34. Ne3 Nxa3 35. c3 Kd7 36. Na5 e4 37. Kd2 Bc7 38. Nb7 Bb6 39. Kc1 Kc6 40.
Kb2 Nc4+ 41. Nxc4 bxc4 42. Na5+ Bxa5 43. bxa5 Kb5 44. h4 Kxa5 45. Ka3 e5 0-1

[Event "4NCL 3 South pool B"]
[Site "Daventry, ENG"]
[Date "2019.02.09"]
[Round "5.85"]
[White "Alcock, Graham P"]
[Black "Szymanski, Mark"]
[Result "1/2-1/2"]
[WhiteElo "1753"]
[BlackElo "1832"]
[PlyCount "34"]
[EventDate "2019.02.09"]
[WhiteTeam "Surbiton"]
[BlackTeam "Iceni 2"]

1. e4 c6 2. d4 d5 3. Bd3 dxe4 4. Bxe4 Nf6 5. Bf3 Bf5 6. Ne2 h6 7. O-O e6 8. Ng3
Bh7 9. c4 Be7 10. Nc3 O-O 11. Be3 Nbd7 12. d5 exd5 13. cxd5 Ne5 14. dxc6 Qxd1
15. Bxd1 Nxc6 16. Bf3 Rfd8 17. Rfd1 Kf8 1/2-1/2

[Event "4NCL 3 South pool B"]
[Site "Daventry, ENG"]
[Date "2019.02.09"]
[Round "5.86"]
[White "Donaghay, Richard H"]
[Black "Voiculescu-Holvad, Stefan"]
[Result "1/2-1/2"]
[WhiteElo "1814"]
[BlackElo "1641"]
[PlyCount "39"]
[EventDate "2019.02.09"]
[WhiteTeam "Iceni 2"]
[BlackTeam "Surbiton"]

1. e4 e6 2. d3 d5 3. Nd2 c5 4. g3 Nc6 5. Bg2 Nf6 6. f4 Be7 7. Ngf3 b5 8. O-O
Qb6 9. Ne5 Bb7 10. Nxc6 Bxc6 11. e5 Nd7 12. Nf3 d4 13. c3 Rc8 14. Bd2 O-O 15.
cxd4 cxd4 16. b4 Bd5 17. a4 a6 18. a5 Qa7 19. Rc1 Nb8 20. Qe2 1/2-1/2

[Event "4NCL 3 South pool B"]
[Site "Daventry, ENG"]
[Date "2019.02.10"]
[Round "6.51"]
[White "Salmons, Calum"]
[Black "Swanson, Stephen"]
[Result "1/2-1/2"]
[WhiteElo "2117"]
[BlackElo "2202"]
[PlyCount "61"]
[EventDate "2019.02.10"]
[WhiteTeam "Sussex Martlets 2"]
[BlackTeam "Poisoned Pawns 1"]

1. e4 d6 2. d4 Nf6 3. Nc3 e5 4. dxe5 dxe5 5. Qxd8+ Kxd8 6. Bg5 c6 7. O-O-O+ Ke8
8. f4 h6 9. Bh4 Be7 10. fxe5 Ng4 11. Bxe7 Kxe7 12. Nh3 Nxe5 13. Nf2 Be6 14. Nd3
Nbd7 15. Na4 b6 16. b3 Rhd8 17. Nab2 f6 18. Nxe5 Nxe5 19. Nd3 Rd4 20. Nxe5 fxe5
21. Bd3 Rf8 22. Rhf1 Rxf1 23. Rxf1 c5 24. Rd1 a5 25. c3 Rd8 26. Ba6 Rf8 27. c4
Rf2 28. Rd2 Rf1+ 29. Kc2 Rh1 30. h3 Rf1 31. Bb7 1/2-1/2

[Event "4NCL 3 South pool B"]
[Site "Daventry, ENG"]
[Date "2019.02.10"]
[Round "6.52"]
[White "Clark, Kevin R"]
[Black "Forster, Matthew"]
[Result "1/2-1/2"]
[WhiteElo "2125"]
[BlackElo "1997"]
[PlyCount "75"]
[EventDate "2019.02.10"]
[WhiteTeam "Poisoned Pawns 1"]
[BlackTeam "Sussex Martlets 2"]

1. e4 c5 2. c3 d5 3. exd5 Qxd5 4. d4 g6 5. Be3 Bg7 6. Nf3 cxd4 7. cxd4 Nf6 8.
Nc3 Qa5 9. Bc4 O-O 10. Qb3 Nbd7 11. O-O Nb6 12. Bd3 Be6 13. Qb5 Qxb5 14. Nxb5
Rfc8 15. Ne5 a6 16. Nc3 Nfd5 17. Bd2 Rd8 18. Ne4 Nd7 19. Nxd7 Bxd7 20. Bc3 Bc6
21. g3 Nxc3 22. bxc3 e5 23. Rfe1 exd4 24. c4 Rac8 25. Rab1 Rc7 26. Nc5 Bf3 27.
Ne4 Bg4 28. Rb6 Re7 29. Reb1 Rde8 30. Nd6 Re1+ 31. Kg2 Rxb1 32. Rxb1 Re5 33.
Rxb7 Be2 34. Bxe2 Rxe2 35. Rb8+ Bf8 36. c5 Rc2 37. Ne4 Kg7 38. Rd8 1/2-1/2

[Event "4NCL 3 South pool B"]
[Site "Daventry, ENG"]
[Date "2019.02.10"]
[Round "6.53"]
[White "Hoare, Amy B"]
[Black "McCorry, Robert T"]
[Result "1/2-1/2"]
[WhiteElo "2016"]
[BlackElo "2019"]
[PlyCount "66"]
[EventDate "2019.02.10"]
[WhiteTeam "Sussex Martlets 2"]
[BlackTeam "Poisoned Pawns 1"]

1. e4 c5 2. c3 d5 3. exd5 Qxd5 4. d4 Nf6 5. Nf3 e6 6. Be3 cxd4 7. cxd4 Bb4+ 8.
Nc3 O-O 9. Bd3 b6 10. O-O Bxc3 11. bxc3 Ba6 12. Bxa6 Nxa6 13. Qa4 Nb8 14. c4
Qd7 15. Qa3 Rd8 16. Rfd1 Qb7 17. h3 Nbd7 18. Rac1 h6 19. Bf4 Ne4 20. Re1 Rac8
21. Qe7 Re8 22. Qa3 Red8 23. Qe3 Ndf6 24. Ne5 Nd6 25. g4 Qa6 26. Qb3 Nb7 27.
Red1 Na5 28. Qa3 Qb7 29. Rd3 Nc6 30. Nf3 Na5 31. Ne5 Nc6 32. Nf3 Na5 33. Ne5
Nc6 1/2-1/2

[Event "4NCL 3 South pool B"]
[Site "Daventry, ENG"]
[Date "2019.02.10"]
[Round "6.54"]
[White "Rosen, Daniel B"]
[Black "Batchelor, Paul A"]
[Result "1/2-1/2"]
[WhiteElo "2072"]
[BlackElo "2035"]
[PlyCount "32"]
[EventDate "2019.02.10"]
[WhiteTeam "Poisoned Pawns 1"]
[BlackTeam "Sussex Martlets 2"]

1. e4 c5 2. Nc3 Nc6 3. g3 g6 4. Bg2 Bg7 5. d3 d6 6. Nge2 e5 7. O-O Nge7 8. f4
O-O 9. fxe5 dxe5 10. Bg5 f6 11. Be3 Nd4 12. Qd2 Be6 13. b3 Qd7 14. Rf2 Rf7 15.
Raf1 Raf8 16. Nd1 b6 1/2-1/2

[Event "4NCL 3 South pool B"]
[Site "Daventry, ENG"]
[Date "2019.02.10"]
[Round "6.55"]
[White "Graham, William M"]
[Black "Byway, Paul V"]
[Result "0-1"]
[WhiteElo "1997"]
[BlackElo "2060"]
[PlyCount "116"]
[EventDate "2019.02.10"]
[WhiteTeam "Sussex Martlets 2"]
[BlackTeam "Poisoned Pawns 1"]

1. c4 e6 2. g3 d5 3. cxd5 exd5 4. Bg2 Nf6 5. Nc3 Be7 6. Nf3 O-O 7. d3 c6 8. O-O
Bg4 9. h3 Bxf3 10. Bxf3 Nbd7 11. e4 dxe4 12. dxe4 Ne5 13. Bg2 Qxd1 14. Rxd1
Rfd8 15. Bg5 h6 16. Bxf6 Bxf6 17. f4 Nd3 18. e5 Be7 19. b3 Rd4 20. Kf1 Rad8 21.
Ke2 Nc5 22. Rxd4 Rxd4 23. Rd1 Rxd1 24. Kxd1 f6 25. exf6 Bxf6 26. Ne4 Nxe4 27.
Bxe4 Kf7 28. Ke2 Ke6 29. g4 Kd6 30. b4 Bc3 31. a3 b5 32. Bc2 Bb2 33. a4 Bc3 34.
h4 Bxb4 35. g5 hxg5 36. hxg5 Bc3 37. Kd3 Bb2 38. Bb3 a6 39. f5 Kc5 40. Kc2 Be5
41. Kd3 Kb4 42. axb5 axb5 43. Kc2 c5 44. Bd5 c4 45. f6 Bxf6 46. gxf6 gxf6 47.
Be4 Kc5 48. Bg6 Kd4 49. Kd2 b4 50. Kc2 Ke5 51. Bf7 c3 52. Bh5 Ke4 53. Be2 f5
54. Bd3+ Ke5 55. Be2 Kd4 56. Kb3 f4 57. Bh5 Ke3 58. Bf7 Kd2 0-1

[Event "4NCL 3 South pool B"]
[Site "Daventry, ENG"]
[Date "2019.02.10"]
[Round "6.56"]
[White "Kemp, Paul R"]
[Black "Bennet-Stevens, Lucy"]
[Result "1-0"]
[WhiteElo "2032"]
[BlackElo "1990"]
[PlyCount "73"]
[EventDate "2019.02.10"]
[WhiteTeam "Poisoned Pawns 1"]
[BlackTeam "Sussex Martlets 2"]

1. e4 c5 2. c3 d5 3. exd5 Qxd5 4. d4 Nf6 5. Nf3 Nc6 6. Be2 Bg4 7. O-O e6 8. h3
Bh5 9. Be3 Be7 10. dxc5 Qxd1 11. Rxd1 Ne4 12. b4 Bf6 13. g4 Bxc3 14. Nxc3 Nxc3
15. Rd2 Nxe2+ 16. Rxe2 Bg6 17. b5 Ne7 18. Bf4 Bd3 19. Rb2 O-O 20. Bd6 Rfe8 21.
Ne5 Be4 22. Re1 Bd5 23. Nd3 Bc4 24. Ne5 Bd5 25. Nd3 Bc4 26. Nf4 a6 27. a4 axb5
28. axb5 Nd5 29. c6 Rad8 30. Nxd5 Bxd5 31. Bf4 bxc6 32. b6 Bc4 33. b7 Bb5 34.
Bc7 Rb8 35. Bxb8 Rxb8 36. Rxb5 cxb5 37. Rc1 1-0

[Event "4NCL 3 South pool B"]
[Site "Daventry, ENG"]
[Date "2019.02.10"]
[Round "6.61"]
[White "Frostick, Clive A"]
[Black "Burrows, Martin P"]
[Result "0-1"]
[WhiteElo "2129"]
[BlackElo "2144"]
[PlyCount "78"]
[EventDate "2019.02.10"]
[WhiteTeam "CSC 1"]
[BlackTeam "The Rookies"]

1. e4 c5 2. Nf3 d6 3. Nc3 a6 4. d4 cxd4 5. Nxd4 Nf6 6. g3 e5 7. Nde2 Be7 8. Bg2
O-O 9. O-O Be6 10. h3 Nbd7 11. Be3 Nb6 12. b3 Rc8 13. a4 Nbd7 14. a5 Nc5 15. b4
Ncd7 16. Nd5 Nxd5 17. exd5 Bf5 18. c3 Bg5 19. Qd2 Bxe3 20. Qxe3 Qc7 21. Rac1
Qc4 22. Rfd1 Nf6 23. g4 Bd7 24. Ng3 Qb3 25. g5 Ne8 26. Ne4 Bf5 27. Nd2 Qa4 28.
Be4 Qd7 29. Qd3 Bxe4 30. Nxe4 f5 31. gxf6 Nxf6 32. Ng5 e4 33. Nxe4 Nxe4 34.
Qxe4 Rce8 35. Qg4 Qf7 36. Rc2 Re5 37. Re2 h5 38. Qc4 Qf3 39. Rxe5 Qxd1+ 0-1

[Event "4NCL 3 South pool B"]
[Site "Daventry, ENG"]
[Date "2019.02.10"]
[Round "6.62"]
[White "Jones, Christopher M"]
[Black "Farrand, Tom"]
[Result "1/2-1/2"]
[WhiteElo "2107"]
[BlackElo "2165"]
[PlyCount "63"]
[EventDate "2019.02.10"]
[WhiteTeam "The Rookies"]
[BlackTeam "CSC 1"]

1. e4 c5 2. Nc3 Nc6 3. f4 g6 4. Nf3 Bg7 5. Bc4 e6 6. O-O Nge7 7. d3 d5 8. Bb3
O-O 9. Qe1 b6 10. Qh4 Nd4 11. f5 dxe4 12. fxg6 Nxg6 13. Qxe4 Rb8 14. Ng5 Bb7
15. Qe1 Nxb3 16. axb3 Qd4+ 17. Be3 Qg4 18. Nce4 Nh4 19. Qg3 Qxg3 20. hxg3 Nf5
21. Bf4 Ra8 22. Nd6 Nxd6 23. Bxd6 Bxb2 24. Bxf8 Bxa1 25. Rxa1 Rxf8 26. Rxa7 Rb8
27. Kf2 Kg7 28. Ke3 e5 29. Ne4 Bd5 30. Rd7 Be6 31. Ra7 Bd5 32. Rd7 1/2-1/2

[Event "4NCL 3 South pool B"]
[Site "Daventry, ENG"]
[Date "2019.02.10"]
[Round "6.63"]
[White "Amato, Giampiero"]
[Black "Compton, Alistair"]
[Result "1/2-1/2"]
[WhiteElo "1981"]
[BlackElo "2024"]
[PlyCount "52"]
[EventDate "2019.02.10"]
[WhiteTeam "CSC 1"]
[BlackTeam "The Rookies"]

1. d4 e6 2. e4 d5 3. exd5 exd5 4. Nf3 c5 5. dxc5 Bxc5 6. Bb5+ Nc6 7. O-O Nf6 8.
Nc3 O-O 9. Bg5 Be7 10. Re1 Be6 11. Nd4 Nxd4 12. Qxd4 h6 13. Bh4 a6 14. Ba4 Rc8
15. Bb3 Bc5 16. Qd3 Bb4 17. Rad1 Bxc3 18. bxc3 g5 19. Bg3 Ne4 20. Be5 Qa5 21.
Qf3 f5 22. Qh5 Kh7 23. Bd4 Bf7 24. Qh3 g4 25. Qe3 Qc7 26. Bb6 Qxc3 1/2-1/2

[Event "4NCL 3 South pool B"]
[Site "Daventry, ENG"]
[Date "2019.02.10"]
[Round "6.64"]
[White "Gibson, Christopher A"]
[Black "Fegan, Chris"]
[Result "0-1"]
[WhiteElo "1881"]
[BlackElo "2024"]
[PlyCount "64"]
[EventDate "2019.02.10"]
[WhiteTeam "The Rookies"]
[BlackTeam "CSC 1"]

1. e4 e5 2. Nf3 Nc6 3. Bc4 Bc5 4. b4 Bd6 5. c3 Nf6 6. Qe2 O-O 7. O-O a6 8. d3
b5 9. Bb3 a5 10. bxa5 Nxa5 11. Bc2 Bb7 12. Bg5 h6 13. Bh4 Re8 14. Nbd2 c5 $11
15. d4 exd4 16. cxd4 cxd4 17. Nxd4 Rc8 18. N2f3 g5 19. Bg3 Bxg3 20. hxg3 Bxe4
21. Bxe4 Rxe4 22. Qd3 Rc5 23. Rfe1 Qe7 24. Rxe4 Qxe4 25. Qa3 Nb7 26. Re1 Qd5
27. Re5 Qc4 28. Qa8+ Kh7 29. Qxb7 Rxe5 30. Nxe5 Qxd4 31. Qxb5 Qa1+ 32. Kh2 Qxe5
0-1

[Event "4NCL 3 South pool B"]
[Site "Daventry, ENG"]
[Date "2019.02.10"]
[Round "6.65"]
[White "Fowler, David"]
[Black "Jaszkiwskyj, Peter"]
[Result "1-0"]
[WhiteElo "1948"]
[BlackElo "1930"]
[PlyCount "73"]
[EventDate "2019.02.10"]
[WhiteTeam "CSC 1"]
[BlackTeam "The Rookies"]

1. d4 d5 2. c4 c6 3. Nc3 Nf6 4. e3 e6 5. Nf3 Be7 6. b3 O-O 7. Bd3 Nbd7 8. Qc2
b6 9. O-O Bb7 10. Bb2 h6 11. Qe2 c5 12. cxd5 cxd4 13. Nxd4 Nxd5 14. Nxd5 Bxd5
15. e4 Bb7 16. Rfd1 Bf6 17. Bb5 Qe7 18. Bxd7 Qxd7 19. Nf5 Qc6 20. Nxh6+ gxh6
21. Bxf6 Qxe4 22. Qxe4 Bxe4 23. Rd4 Bg6 24. Rh4 Kh7 25. Bg5 h5 26. g4 Kg7 27.
gxh5 Bxh5 28. Be3 Kg6 29. h3 Rfd8 30. Kh2 Rd1 31. Rxd1 Bxd1 32. Rd4 Bc2 33. Rd7
Be4 34. Kg3 Bd5 35. h4 f6 36. Kg4 Bc6 37. h5# 1-0

[Event "4NCL 3 South pool B"]
[Site "Daventry, ENG"]
[Date "2019.02.10"]
[Round "6.66"]
[White "Conterno, Dominique"]
[Black "Frostick, Helen M"]
[Result "1-0"]
[WhiteElo "1836"]
[BlackElo "1970"]
[PlyCount "65"]
[EventDate "2019.02.10"]
[WhiteTeam "The Rookies"]
[BlackTeam "CSC 1"]

1. e4 c5 2. Nf3 Nc6 3. d4 cxd4 4. Nxd4 d6 5. Nc3 g6 6. Be3 Bg7 7. Qd2 Nf6 8. f3
O-O 9. Bc4 Bd7 10. O-O-O a6 11. h4 Ne5 12. Bb3 Rc8 13. h5 Nxh5 14. g4 Bxg4 15.
fxg4 Nxg4 16. Kb1 Nxe3 17. Qxe3 e5 18. Nf5 gxf5 19. Rxh5 fxe4 20. Rg1 Qf6 21.
Rhg5 Kh8 22. Rxg7 Qxg7 23. Rxg7 Kxg7 24. Qg5+ Kh8 25. Qf6+ Kg8 26. Nxe4 d5 27.
Bxd5 Rcd8 28. Bxf7+ Rxf7 29. Qxd8+ Kg7 30. Qg5+ Kf8 31. b3 Re7 32. Nd6 e4 33.
Qf6+ 1-0

[Event "4NCL 3 South pool B"]
[Site "Daventry, ENG"]
[Date "2019.02.10"]
[Round "6.71"]
[White "Somton, Anita"]
[Black "Brown, Thomas"]
[Result "0-1"]
[WhiteElo "1982"]
[BlackElo "2070"]
[PlyCount "90"]
[EventDate "2019.02.10"]
[WhiteTeam "Iceni 2"]
[BlackTeam "Rhyfelwyr Essyllwg"]

1. d4 g6 2. Nf3 Bg7 3. c4 c5 4. d5 b5 5. Qc2 bxc4 6. e4 Nf6 7. Bxc4 d6 8. O-O
O-O 9. Nc3 Nbd7 10. h3 Nb6 11. Be2 e5 12. Bg5 h6 13. Be3 Nh5 14. Qc1 Kh7 15.
Nh2 Nf4 16. Bxf4 exf4 17. Qxf4 f5 18. Qd2 Bxc3 19. bxc3 fxe4 20. Ng4 Qh4 21.
Kh2 Bxg4 22. Bxg4 h5 23. g3 Qf6 24. Be2 Rae8 25. c4 $11 Qd4 26. Qe3 Rf7 27.
Rad1 Qxe3 28. fxe3 Ref8 29. Kg2 $11 Na4 30. Rxf7+ Rxf7 31. Rc1 Rb7 32. Rc2 Kg7
33. Kf2 Kf6 34. Kg2 Ke5 35. Kf2 a5 36. Kf1 Rb1+ 37. Kf2 Nb2 38. Rd2 a4 39. a3
Nd3+ 40. Bxd3 exd3 41. Rxd3 Rc1 42. Ke2 Rxc4 43. Kd2 Ke4 44. g4 hxg4 45. hxg4
g5 0-1

[Event "4NCL 3 South pool B"]
[Site "Daventry, ENG"]
[Date "2019.02.10"]
[Round "6.72"]
[White "Heaven, Pete"]
[Black "Sagues, Vincent"]
[Result "0-1"]
[WhiteElo "2038"]
[BlackElo "1935"]
[PlyCount "106"]
[EventDate "2019.02.10"]
[WhiteTeam "Rhyfelwyr Essyllwg"]
[BlackTeam "Iceni 2"]

1. e4 d5 2. exd5 Qxd5 3. Nc3 Qd8 4. d4 Nf6 5. Bc4 a6 6. a4 Nc6 7. Nge2 Bf5 8.
Be3 Nb4 9. Bb3 e6 10. Ng3 Bg6 11. Qe2 Be7 12. O-O O-O 13. Rad1 c6 14. f3 Nbd5
15. Nce4 Nxe3 16. Qxe3 Nd5 17. Qd2 Qc7 18. Ne2 h6 19. c4 Bxe4 20. cxd5 Bxd5 21.
Bc2 Bc4 22. b3 Bxe2 23. Qxe2 Bf6 24. Qe4 g6 25. h4 h5 26. f4 Rfd8 27. Rd3 Rxd4
28. Rxd4 Qb6 29. Rfd1 Rd8 30. Kh2 Rxd4 31. Rxd4 Qxd4 32. Qxd4 Bxd4 33. g3 Kf8
34. Kg2 Ke7 35. Kf3 Kd6 36. g4 hxg4+ 37. Kxg4 Bf2 38. h5 gxh5+ 39. Kxh5 Be3 40.
Kg4 f6 41. Kf3 Bc1 42. f5 e5 43. Ke4 Kc5 44. Bd1 Kb4 45. Kd3 b5 46. Ke2 Bf4 47.
Kd3 bxa4 48. bxa4 c5 49. Ke4 c4 50. Kd5 c3 51. Ke4 Ka3 52. Kd3 Kb2 53. a5 Bh6
0-1

[Event "4NCL 3 South pool B"]
[Site "Daventry, ENG"]
[Date "2019.02.10"]
[Round "6.73"]
[White "Downham, Alan F"]
[Black "Ralphs, Nigel"]
[Result "1/2-1/2"]
[WhiteElo "1956"]
[BlackElo "1981"]
[PlyCount "33"]
[EventDate "2019.02.10"]
[WhiteTeam "Iceni 2"]
[BlackTeam "Rhyfelwyr Essyllwg"]

1. c4 c6 2. g3 d5 3. Bg2 Nf6 4. d4 g6 5. Nf3 Bg7 6. O-O O-O 7. Nc3 dxc4 8. Ne5
Nfd7 9. Nxc4 Nb6 10. Nxb6 Qxb6 11. d5 Rd8 12. Qc2 Bxc3 13. Qxc3 cxd5 14. Bxd5
Rxd5 15. Qxc8+ Rd8 16. Qc2 Nc6 17. Be3 1/2-1/2

[Event "4NCL 3 South pool B"]
[Site "Daventry, ENG"]
[Date "2019.02.10"]
[Round "6.74"]
[White "Trevelyan, John"]
[Black "Kenning, Paul H"]
[Result "1-0"]
[WhiteElo "1991"]
[BlackElo "1861"]
[PlyCount "115"]
[EventDate "2019.02.10"]
[WhiteTeam "Rhyfelwyr Essyllwg"]
[BlackTeam "Iceni 2"]

1. d4 d6 2. c4 e5 3. Nf3 e4 4. Ng5 f5 5. f4 Nf6 6. e3 Be7 7. Nc3 c6 8. Be2 O-O
9. b3 Qe8 10. Nh3 Qg6 11. g3 a5 12. Ba3 Na6 13. Qd2 Nb4 14. Nf2 d5 15. c5 Nd7
16. Bxb4 axb4 $11 17. Na4 Bd8 18. O-O-O Ba5 19. Kb1 Qf7 20. Rc1 Qe7 21. Rhg1
Nf6 22. h3 Be6 23. g4 Rfb8 24. gxf5 Bxf5 25. Rg5 g6 26. Rcg1 Kh8 27. R5g3 Nd7
28. Bg4 Rg8 29. Nd1 Nf6 30. Bxf5 gxf5 31. Rxg8+ Rxg8 32. Rxg8+ Kxg8 $11 33. a3
Qg7 34. axb4 Bd8 35. Qf2 Nh5 36. Nac3 Kf8 37. b5 Ke8 38. b6 Nf6 39. b4 Qd7 40.
Qg3 Kf8 41. Na2 Qe8 42. Qg5 Qh5 43. Qxh5 Nxh5 44. Nc1 Ke8 45. Nb3 Kd7 46. Na5
Kc8 47. Kc2 Ng3 48. Kd2 h5 49. Nc3 Nf1+ 50. Ke2 Ng3+ 51. Kf2 Bh4 52. Kg2 Kb8
53. Nb3 Kc8 54. Na1 Kb8 55. Nc2 Kc8 56. Na3 Kb8 57. b5 cxb5 58. Naxb5 1-0

[Event "4NCL 3 South pool B"]
[Site "Daventry, ENG"]
[Date "2019.02.10"]
[Round "6.75"]
[White "Szymanski, Mark"]
[Black "Van Kemenade, Rudy"]
[Result "0-1"]
[WhiteElo "1832"]
[BlackElo "1944"]
[PlyCount "65"]
[EventDate "2019.02.10"]
[WhiteTeam "Iceni 2"]
[BlackTeam "Rhyfelwyr Essyllwg"]

1. c4 e5 2. g3 Nc6 3. Nc3 f5 4. Bg2 Nf6 5. d3 h6 6. e3 d6 7. Nge2 g5 8. Nd5 Bg7
9. Nec3 O-O 10. h4 g4 11. b4 Nh5 12. b5 Nb8 13. f4 Nxg3 14. Rh2 c6 15. h5 cxd5
16. Bxd5+ Kh8 17. Bb2 exf4 18. Kf2 Ne4+ 19. dxe4 g3+ 20. Kg2 gxh2 21. Kh1 fxe4
22. Rb1 f3 23. Nxe4 f2 24. Bxg7+ Kxg7 25. Qd4+ Kh7 26. Rf1 Qh4 27. Qb2 Bh3 28.
Nxf2 Bxf1 29. Be4+ Kg8 30. Bd5+ Rf7 31. Qc2 Qxh5 32. Ne4 Qf3+ 33. Qg2+ 0-1

[Event "4NCL 3 South pool B"]
[Site "Daventry, ENG"]
[Date "2019.02.10"]
[Round "6.76"]
[White "Jones, Derek"]
[Black "Donaghay, Richard H"]
[Result "1-0"]
[WhiteElo "1943"]
[BlackElo "1814"]
[PlyCount "53"]
[EventDate "2019.02.10"]
[WhiteTeam "Rhyfelwyr Essyllwg"]
[BlackTeam "Iceni 2"]

1. Nf3 d6 2. c4 Nf6 3. Nc3 g6 4. d4 Bg7 5. e4 c5 6. d5 Bg4 7. Be2 O-O 8. O-O
Na6 9. h3 Bd7 10. Bf4 Nc7 11. a4 Nfe8 12. Qd2 f5 13. e5 dxe5 14. Bxe5 Bxe5 15.
Nxe5 Nd6 16. Bf3 a5 17. Rfe1 Ra7 18. Rad1 b6 19. b3 Nf7 20. Nxf7 Rxf7 21. d6
exd6 22. Qxd6 Ne8 23. Qe5 Nf6 24. Nd5 Kg7 25. Qd6 Nxd5 26. Bxd5 Rf6 27. Re7+
1-0

[Event "4NCL 3 South pool B"]
[Site "Daventry, ENG"]
[Date "2019.02.10"]
[Round "6.81"]
[White "Mihov, Filip"]
[Black "Scott, David A"]
[Result "1/2-1/2"]
[WhiteElo "2155"]
[BlackElo "2150"]
[PlyCount "53"]
[EventDate "2019.02.10"]
[WhiteTeam "Oxford 2"]
[BlackTeam "Surbiton"]

1. d4 Nf6 2. Nf3 d5 3. e3 c5 4. dxc5 e6 5. c4 Bxc5 6. Nc3 O-O 7. cxd5 exd5 8.
Be2 Nc6 9. O-O a6 10. Nd4 Re8 11. b3 Nxd4 12. exd4 Bb4 13. Na4 Ne4 14. Bf3 Bd7
15. a3 Bd6 16. g3 Rc8 17. Be3 b5 18. Nc5 Nxc5 19. dxc5 Bxc5 20. Bxc5 Rxc5 21.
b4 Rc3 22. Qxd5 Bc6 23. Qxd8 Rxd8 24. Bxc6 Rxc6 25. Rfc1 Rdc8 26. Rxc6 Rxc6 27.
Rd1 1/2-1/2

[Event "4NCL 3 South pool B"]
[Site "Daventry, ENG"]
[Date "2019.02.10"]
[Round "6.82"]
[White "Seymour, Timothy P"]
[Black "McKenna, Jason P"]
[Result "1-0"]
[WhiteElo "2118"]
[BlackElo "2125"]
[PlyCount "77"]
[EventDate "2019.02.10"]
[WhiteTeam "Surbiton"]
[BlackTeam "Oxford 2"]

1. c4 g6 2. d4 Bg7 3. Nf3 d6 4. Nc3 Nf6 5. e3 O-O 6. Be2 Nbd7 7. O-O e5 8. Qc2
Re8 9. b4 e4 10. Nd2 Qe7 11. a4 Nf8 12. a5 h5 13. a6 b6 14. Bb2 N8h7 15. Rfc1
Bf5 16. Qd1 Bh6 17. h3 Ng5 18. Bf1 h4 19. c5 bxc5 20. dxc5 dxc5 21. bxc5 Red8
22. Rc2 Nd5 23. Nxd5 Rxd5 24. Bd4 Rxd4 25. exd4 e3 26. Nc4 Bxc2 27. Qxc2 exf2+
28. Qxf2 Ne4 29. Re1 Re8 30. Qc2 f5 31. Ne5 Bg7 32. Nf3 g5 33. Bb5 Rd8 34. Qc4+
Kh8 35. Bc6 Rb8 36. Qd5 Qf6 37. Ne5 Kh7 38. Rxe4 fxe4 39. Qxe4+ 1-0

[Event "4NCL 3 South pool B"]
[Site "Daventry, ENG"]
[Date "2019.02.10"]
[Round "6.83"]
[White "Cole, James"]
[Black "Shepherd, Paul D"]
[Result "0-1"]
[WhiteElo "2027"]
[BlackElo "2072"]
[PlyCount "80"]
[EventDate "2019.02.10"]
[WhiteTeam "Oxford 2"]
[BlackTeam "Surbiton"]

1. d4 d5 2. c4 e6 3. Nf3 c5 4. cxd5 exd5 5. g3 Nc6 6. Bg2 Nf6 7. O-O Be7 8. Nc3
O-O 9. dxc5 Bxc5 10. Na4 Be7 11. Be3 Re8 12. Rc1 Bg4 13. Nc5 Qb6 14. Nb3 Qa6
15. a3 Rad8 16. Nbd4 Nxd4 17. Nxd4 h6 18. f3 Bd7 19. Qd2 Bd6 20. Rfe1 Re7 21.
Bf1 b5 22. Nb3 Qb7 23. Nc5 Qb8 24. Bf2 Bc8 25. e3 a6 26. b4 h5 27. a4 h4 28.
axb5 axb5 29. Qe2 hxg3 30. Bxg3 Bxg3 31. hxg3 Qxg3+ 32. Qg2 Qh4 33. Qh2 Qxb4
34. Bd3 Rde8 35. Kf2 Re5 36. Re2 Rh5 37. Qg3 Rh3 38. Qg5 Rh2+ 39. Kg1 Rxe2 40.
Bxe2 Qd2 0-1

[Event "4NCL 3 South pool B"]
[Site "Daventry, ENG"]
[Date "2019.02.10"]
[Round "6.84"]
[White "Faulks, Nick"]
[Black "Moyse, Nigel John"]
[Result "0-1"]
[WhiteElo "1923"]
[BlackElo "2046"]
[PlyCount "54"]
[EventDate "2019.02.10"]
[WhiteTeam "Surbiton"]
[BlackTeam "Oxford 2"]

1. e4 c5 2. Nf3 d6 3. d4 cxd4 4. Nxd4 Nf6 5. Nc3 a6 6. Bg5 e6 7. f4 Be7 8. Qf3
Qc7 9. O-O-O Nc6 10. e5 Nxd4 11. Rxd4 dxe5 12. Rc4 Qa5 13. fxe5 Qxe5 14. Bf4
Qe1+ 15. Nd1 O-O 16. Bd2 Qe5 17. Bd3 Qd5 18. Qh3 e5 19. Qh4 Qxg2 20. Rf1 e4 21.
Ne3 Qh3 22. Qg5 exd3 23. Rg1 g6 24. Rh4 Nd5 25. Nxd5 Bxg5 26. Bxg5 f6 27. Nxf6+
Kg7 0-1

[Event "4NCL 3 South pool B"]
[Site "Daventry, ENG"]
[Date "2019.02.10"]
[Round "6.85"]
[White "Alizada, Eldar"]
[Black "Alcock, Graham P"]
[Result "1-0"]
[WhiteElo "1959"]
[BlackElo "1753"]
[PlyCount "45"]
[EventDate "2019.02.10"]
[WhiteTeam "Oxford 2"]
[BlackTeam "Surbiton"]

1. d4 Nf6 2. c4 c5 3. d5 b5 4. cxb5 a6 5. e3 axb5 6. Bxb5 Qa5+ 7. Nc3 Bb7 8.
Bd2 Na6 9. Nf3 g6 10. O-O Bg7 11. Ne5 Qc7 12. Nc4 Nxd5 13. Nxd5 Bxd5 14. Ba5
Qb7 15. Nb6 Bxg2 16. Qxd7+ Qxd7 17. Bxd7+ Kf8 18. Kxg2 Ra7 19. Bg4 Bxb2 20.
Rab1 Ba3 21. Nc4 Bb4 22. Bb6 Ra8 23. Rb3 1-0

[Event "4NCL 3 South pool B"]
[Site "Daventry, ENG"]
[Date "2019.02.10"]
[Round "6.86"]
[White "Voiculescu-Holvad, Stefan"]
[Black "Cont, Arya"]
[Result "0-1"]
[WhiteElo "1641"]
[BlackElo "1958"]
[PlyCount "76"]
[EventDate "2019.02.10"]
[WhiteTeam "Surbiton"]
[BlackTeam "Oxford 2"]

1. d4 d5 2. c4 e6 3. Nc3 c6 4. cxd5 exd5 5. Bf4 Nf6 6. e3 Bf5 7. Bd3 Bxd3 8.
Qxd3 Be7 9. h3 O-O 10. Nf3 Qb6 11. Rb1 Ne4 12. Nxe4 dxe4 13. Qxe4 Qa5+ 14. Ke2
Qa6+ 15. Qd3 Qxa2 16. Rhc1 Qe6 17. Ne5 Bd6 18. Qc4 Qe7 19. Nd3 Bxf4 20. Nxf4
Nd7 21. Kf1 Rfd8 22. Nd3 Rac8 23. Nc5 Nf6 24. Qa4 b6 25. Nb3 Rd6 26. Qa3 Ne4
27. Rc2 Rcd8 28. Nd2 c5 29. Nf3 Rf6 30. b4 c4 31. Qa6 Qe6 32. b5 c3 33. Kg1
Rxf3 34. gxf3 Qxh3 35. fxe4 Rd6 36. f3 Rg6+ 37. Kf2 Rg2+ 38. Kf1 Qh1# 0-1

[Event "4NCL 3 South pool B"]
[Site "Daventry, ENG"]
[Date "2019.04.13"]
[Round "7.51"]
[White "Swanson, Stephen"]
[Black "Downham, Alan F"]
[Result "1/2-1/2"]
[WhiteElo "2193"]
[BlackElo "1967"]
[PlyCount "55"]
[EventDate "2019.04.13"]
[WhiteTeam "Poisoned Pawns 1"]
[BlackTeam "Iceni 2"]

1. e4 g6 2. d4 Bg7 3. Nc3 d6 4. Be2 Nd7 5. Nf3 e6 6. O-O Ne7 7. Be3 O-O 8. Qd2
b6 9. Bh6 Bb7 10. Rfe1 Rc8 11. Rad1 Nf6 12. Bxg7 Kxg7 13. Bf1 Qd7 14. a4 Rcd8
15. a5 Qc8 16. axb6 axb6 17. Qf4 h6 18. h4 Nfg8 19. Nd2 c5 20. dxc5 Qxc5 21.
Nb3 Qc6 22. Qe3 e5 23. Qe2 f5 24. Qb5 Qc7 25. Rd2 Nf6 26. exf5 Nxf5 27. Qb4 Bc6
28. Nb5 1/2-1/2